<?xml version="1.0" encoding="UTF-8"?>
<record
    xmlns:xsi="http://www.w3.org/2001/XMLSchema-instance"
    xsi:schemaLocation="http://www.loc.gov/MARC21/slim http://www.loc.gov/standards/marcxml/schema/MARC21slim.xsd"
    xmlns="http://www.loc.gov/MARC21/slim">

  <leader>00603nam a2200205 a 4500</leader>
  <controlfield tag="001">37982</controlfield>
  <controlfield tag="003">(BD-RjUL)</controlfield>
  <controlfield tag="005">20211209052712.0</controlfield>
  <controlfield tag="008">150820r20072010ii ||||| |||| 00| 0 eng d</controlfield>
  <datafield tag="020" ind1=" " ind2=" ">
    <subfield code="a">9788175962941</subfield>
  </datafield>
  <datafield tag="035" ind1=" " ind2=" ">
    <subfield code="a">(BD-RjUL)</subfield>
  </datafield>
  <datafield tag="082" ind1=" " ind2=" ">
    <subfield code="2">22</subfield>
    <subfield code="a">428.24</subfield>
    <subfield code="b">SAL</subfield>
  </datafield>
  <datafield tag="100" ind1=" " ind2=" ">
    <subfield code="a">Sasikumar, V.</subfield>
    <subfield code="9">117649</subfield>
  </datafield>
  <datafield tag="245" ind1=" " ind2=" ">
    <subfield code="a">A Course in Listening &amp; Speaking II/ </subfield>
    <subfield code="c">V. Sasikumar, P. Kiranmai Dutt, Geetha Rajeevan.</subfield>
  </datafield>
  <datafield tag="300" ind1=" " ind2=" ">
    <subfield code="a">186p.</subfield>
    <subfield code="c">28 cm. +</subfield>
    <subfield code="e">CD</subfield>
  </datafield>
  <datafield tag="650" ind1=" " ind2=" ">
    <subfield code="a">English Language</subfield>
    <subfield code="z">British</subfield>
    <subfield code="9">117655</subfield>
  </datafield>
  <datafield tag="700" ind1=" " ind2=" ">
    <subfield code="a">Dutt, P. Kiranmai.</subfield>
    <subfield code="9">117650</subfield>
  </datafield>
  <datafield tag="700" ind1=" " ind2=" ">
    <subfield code="a">Rajeevan, Geetha.</subfield>
    <subfield code="9">117651</subfield>
  </datafield>
  <datafield tag="942" ind1=" " ind2=" ">
    <subfield code="2">ddc</subfield>
    <subfield code="c">AVM</subfield>
  </datafield>
  <datafield tag="999" ind1=" " ind2=" ">
    <subfield code="c">37982</subfield>
    <subfield code="d">37982</subfield>
  </datafield>
  <datafield tag="952" ind1=" " ind2=" ">
    <subfield code="0">0</subfield>
    <subfield code="1">0</subfield>
    <subfield code="2">ddc</subfield>
    <subfield code="4">0</subfield>
    <subfield code="7">1</subfield>
    <subfield code="a">RUCL</subfield>
    <subfield code="b">RUCL</subfield>
    <subfield code="c">AVM</subfield>
    <subfield code="d">2015-08-20</subfield>
    <subfield code="e">Karim International</subfield>
    <subfield code="g">175.00</subfield>
    <subfield code="l">0</subfield>
    <subfield code="o">AV 428.24 SAL</subfield>
    <subfield code="r">2015-08-20 00:00:00</subfield>
    <subfield code="t">C.1</subfield>
    <subfield code="w">2015-08-20</subfield>
    <subfield code="y">AVM</subfield>
  </datafield>
</record>
